000 00554nam a2200169 i 4500
001 50192
003 ES-MaACL
005 20230906162134.0
007 t|
008 030731s1946 sz ||||1| fre d
100 1 _aCronin, A. J.
_941692
245 1 4 _aLes clés du royaume
_b: roman /
_cArchibald Joseph Cronin ; traduit de l'angalis par G. de Tonnac-Villeneuve.
260 _aGenève :
_bEditions du Milieu du Monde,
_c[1946]
300 _a378 p. ;
_c20 cm.
700 1 _aTonnac-Villeneuve, Germaine de.
_9110576
852 _aES-MaACL
_jB-1048
_bR.22734
999 _c50192
_d50192